Most Well-Known Countries - Statistics

General Stats
  • This quiz has been taken 1,092 times
    1,041 since last reset
  • The average score is 25 of 30
Answer Stats
% Country % Correct
97 United States
100%
95 China
98%
95 United Kingdom
98%
96 Canada
97%
95 France
96%
96 Mexico
96%
96 Russia
96%
96 Brazil
93%
94 Germany
93%
94 Japan
93%
95 Italy
92%
94 Spain
92%
95 Australia
91%
94 India
91%
91 Argentina
83%
90 Egypt
83%
89 Sweden
81%
90 South Africa
80%
90 South Korea
78%
88 Norway
77%
91 Portugal
75%
92 Ireland
73%
89 New Zealand
70%
89 Greece
68%
89 Finland
67%
90 Iran
66%
92 Chile
64%
89 North Korea
64%
89 Iraq
60%
92 Iceland
55%
No matching quizzes found
Score Distribution
Percent of People with Each Score
Percentile by Number Answered
Your Score History
You have not taken this quiz since the last reset